Top 10 Surnames In Scotland - Statistics

General Stats
  • This quiz has been taken 47 times
  • The average score is 4 of 10
Answer Stats
Hint Answer % Correct
1 Smith
81%
9 MacDonald
76%
2 Brown
48%
4 Campbell
31%
5 Stewart
29%
3 Wilson
26%
8 Anderson
24%
7 Robertson
24%
10 Scott
17%
6 Thomson
14%
No matching quizzes found
Score Distribution
Percent of People with Each Score
Percentile by Number Answered
Your Score History
You have not taken this quiz